| 000 | 00481nam a2200181Ia 4500 | ||
|---|---|---|---|
| 001 | 20622 | ||
| 005 | 20260306172819.0 | ||
| 008 | 260306t2015||||xx |||||||||||||| ||spa|| | ||
| 041 | _aESP | ||
| 082 |
_a343.6 _bA49 |
||
| 100 |
_aÁlvarez Pedroza, Alejandro _eAUT |
||
| 245 | 0 | _aEl proceso de ejecución de obras públicas en las contrataciones del estado | |
| 260 | _c2015 | ||
| 300 |
_a922 páginas : _c24 cm. |
||
| 650 | _aGEN | ||
| 654 | _aCDE | ||
| 942 |
_cLIB _dJUS _fJUS _2ddc _n |
||
| 999 |
_c20622 _d20622 |
||